书目信息 |
| 题名: |
你只年轻两回—儿童文学与电影
|
|
| 作者: | 莫里斯 著 ;张浩月 译 | |
| 分册: | ||
| 出版信息: | 上海 少年儿童出版社 2008 |
|
| 页数: | 216页 | |
| 开本: | 21cm | |
| 丛书名: | 风信子儿童文学理论译丛 | |
| 单 册: | ||
| 中图分类: | I106.8 , J973.1 | |
| 科图分类: | ||
| 主题词: | 儿童文学--关系--儿童片--研究--世界 | |
| 电子资源: | ||
| ISBN: | 978-7-5324-7826-2 | |
| 000 | 01330oam2 2200313 450 | |
| 001 | 1557614002 | |
| 005 | 20150131160029.01 | |
| 010 | @a978-7-5324-7826-2@dCNY30.00 | |
| 100 | @a20090903d2008 em y0chiy50 ea | |
| 101 | 1 | @achi@ceng |
| 102 | @aCN@b310000 | |
| 105 | @ay z 000yy | |
| 200 | 1 | @a你只年轻两回—儿童文学与电影@9ni zhi nian qing liang hui — er tong wen xue yu dian ying@f(美)蒂姆·莫里斯(Tim Morris)著@g张浩月译 |
| 210 | @a上海@c少年儿童出版社@d2008 | |
| 215 | @a216页@d21cm | |
| 225 | 2 | @a风信子儿童文学理论译丛 |
| 300 | @a浙江师范大学儿童文化研究院红楼书系(第二辑)/方卫平主编 | |
| 300 | @a上海文化发展基金图书出版专项基金资助出版 | |
| 312 | @a版权页英文题名:You're only young twice: children's literature and film | |
| 330 | @a本书站在儿童文化的大背景上,从具体的儿童文学和儿童电影出发,论述了儿童、成人、风俗、社会力量间的关系,揭示了当前电影中的儿童成人化和成人儿童化倾向。本书还论述了儿童图画书的相关品质等问题。 | |
| 461 | 0 | @12001 @a风信子儿童文学理论译丛 |
| 510 | 1 | @aYou're only young twice@echildren's literature and film@zeng |
| 606 | 0 | @a儿童文学@x关系@x儿童片@x研究@y世界 |
| 690 | @aI106.8@v5 | |
| 690 | @aJ973.1@v5 | |
| 701 | 0 | @c(美)@a莫里斯@9mo li si@c(Morris, Tim)@4著 |
| 702 | 0 | @a张浩月@9zhang hao yue@4译 |
| 801 | 0 | @aCN@bTSSF@c20150131 |
| 905 | @aZUCC@dI106.8@eJY5 | |
| 你只年轻两回—儿童文学与电影/(美)蒂姆·莫里斯(Tim Morris)著/张浩月译.-上海:少年儿童出版社,2008 |
| 216页;21cm.-(风信子儿童文学理论译丛) |
| 浙江师范大学儿童文化研究院红楼书系(第二辑)/方卫平主编.-上海文化发展基金图书出版专项基金资助出版 |
| ISBN 978-7-5324-7826-2:CNY30.00 |
| 本书站在儿童文化的大背景上,从具体的儿童文学和儿童电影出发,论述了儿童、成人、风俗、社会力量间的关系,揭示了当前电影中的儿童成人化和成人儿童化倾向。本书还论述了儿童图画书的相关品质等问题。 |
| ● |
| 相关链接 |
|
|
|
|
正题名:你只年轻两回—儿童文学与电影
索取号:I106.8/JY5
 
预约/预借
| 序号 | 登录号 | 条形码 | 馆藏地/架位号 | 状态 | 备注 |
| 1 | 7846488 | 278464886 | 学院路分馆/ [索取号:I106.8/JY5] | 在馆 |